000 00635nam a22001817a 4500
003 CEME
005 20210628202942.0
008 210126b xxu||||| |||| 00| 0 eng d
020 _a3-540-26579-1
040 _c.
082 _a658.8015 STO
100 _aLiberopoulos, George Papadopoulos, Chrissoleon.T Tan, B Smith, J.M Gershwin, S.B
_962514
245 _aStochastic modeling of manufacturing systems advances in desing performance evaluation and control issues
260 _aNEW YORK
_bSPRINGER
_c2006
300 _aX,362 P
650 _aPRODUCTION MANAGEMENT- MATHEMATICAL MODELS, STOCHASTIC ANALYSIS
_962515
942 _cBK
_2ddc
999 _c571604
_d571604